00369nam a2200109Ia 4500008004100000041000800041082001600049100001800065245004400083999001700127952011500144240625s9999 xx 000 0 und d aeng a658.421 KAP aKAPLAN JACK M aPATTERNS OF ENTREPRENEURSHIP MANAGEMENT c40074d40074 00104070aIMTNbIMTNcRack 32-Ad2017-11-22e32917o658.421 KAPpBB2014r2024-06-25 00:00:00w2024-06-25yBB